Normal view
MARC view
- التربية-فلسفة
Entry Topical Term
001 - CONTROL NUMBER
- control field: 60037
003 - CONTROL NUMBER IDENTIFIER
- control field: JO-AjAnu
005 - DATE AND TIME OF LATEST TRANSACTION
- control field: 20230606083820.0
008 - FIXED-LENGTH DATA ELEMENTS
- fixed length control field: 230606|| aca||aabn | a|a d
040 ## - CATALOGING SOURCE
- Original cataloging agency: JO-AjAnu
- Transcribing agency: JO-AjAnu
150 ## - HEADING--TOPICAL TERM
- Topical term or geographic name entry element: التربية-فلسفة
670 ## - SOURCE DATA FOUND
- Source citation: Work cat.: (JO-AjAnu)30617: تاليف هندي، صالح ذياب واخرون، م.مشا رك هشام عامر عليان، م.مشارك احمد عبد الرحيم العموري، م.مشارك مفيد نجيب حواشين, author 60036, اسس التربية